<?xml version="1.0" encoding="UTF-8"?>
<record
    xmlns:xsi="http://www.w3.org/2001/XMLSchema-instance"
    xsi:schemaLocation="http://www.loc.gov/MARC21/slim http://www.loc.gov/standards/marcxml/schema/MARC21slim.xsd"
    xmlns="http://www.loc.gov/MARC21/slim">

  <leader>03399nam0a2200409   4500</leader>
  <controlfield tag="001">RU\NLR\BIBL_A\016216402</controlfield>
  <controlfield tag="005">20230222123911.0</controlfield>
  <datafield tag="010" ind1=" " ind2=" ">
    <subfield code="a">978-5-17-150170-9</subfield>
    <subfield code="9">2000</subfield>
  </datafield>
  <datafield tag="021" ind1=" " ind2=" ">
    <subfield code="a">RU</subfield>
    <subfield code="b">&#x41A;&#x41D;-&#x41F;-22-074603</subfield>
    <subfield code="9">&#x41A;&#x41D;-&#x41F;-22-6498</subfield>
  </datafield>
  <datafield tag="035" ind1=" " ind2=" ">
    <subfield code="a">(NLR Aleph) 016216402</subfield>
  </datafield>
  <datafield tag="035" ind1=" " ind2=" ">
    <subfield code="a">(RuMoRGB)011311548</subfield>
  </datafield>
  <datafield tag="090" ind1=" " ind2=" ">
    <subfield code="a">12723738</subfield>
    <subfield code="c">12723738</subfield>
  </datafield>
  <datafield tag="100" ind1=" " ind2=" ">
    <subfield code="a">20221123d2022    u  y0rusy50      ca</subfield>
  </datafield>
  <datafield tag="101" ind1="0" ind2=" ">
    <subfield code="a">rus</subfield>
  </datafield>
  <datafield tag="102" ind1=" " ind2=" ">
    <subfield code="a">RU</subfield>
  </datafield>
  <datafield tag="105" ind1=" " ind2=" ">
    <subfield code="a">ac  z   010ay</subfield>
  </datafield>
  <datafield tag="181" ind1=" " ind2="0">
    <subfield code="a">i3</subfield>
    <subfield code="b">axxe  </subfield>
  </datafield>
  <datafield tag="182" ind1=" " ind2="1">
    <subfield code="a">n</subfield>
  </datafield>
  <datafield tag="200" ind1="1" ind2=" ">
    <subfield code="a">&#x41F;&#x442;&#x438;&#x446;&#x44B; &#x43F;&#x435;&#x440;&#x435;&#x43B;&#x451;&#x442;&#x43D;&#x44B;&#x435;</subfield>
    <subfield code="e">[&#x441;&#x431;&#x43E;&#x440;&#x43D;&#x438;&#x43A; &#x440;&#x430;&#x441;&#x441;&#x43A;&#x430;&#x437;&#x43E;&#x432;]</subfield>
    <subfield code="f">&#x412;&#x44F;&#x447;&#x435;&#x441;&#x43B;&#x430;&#x432; &#x41C;&#x430;&#x43B;&#x435;&#x436;&#x438;&#x43A;</subfield>
  </datafield>
  <datafield tag="203" ind1=" " ind2=" ">
    <subfield code="a">&#x422;&#x435;&#x43A;&#x441;&#x442;</subfield>
    <subfield code="b">&#x432;&#x438;&#x437;&#x443;&#x430;&#x43B;&#x44C;&#x43D;&#x44B;&#x439;</subfield>
    <subfield code="c">&#x43D;&#x435;&#x43F;&#x43E;&#x441;&#x440;&#x435;&#x434;&#x441;&#x442;&#x432;&#x435;&#x43D;&#x43D;&#x44B;&#x439;</subfield>
  </datafield>
  <datafield tag="210" ind1=" " ind2=" ">
    <subfield code="a">&#x41C;&#x43E;&#x441;&#x43A;&#x432;&#x430;</subfield>
    <subfield code="c">&#x410;&#x421;&#x422;</subfield>
    <subfield code="d">2022</subfield>
  </datafield>
  <datafield tag="215" ind1=" " ind2=" ">
    <subfield code="a">347, [3] &#x441;.</subfield>
    <subfield code="c">&#x438;&#x43B;., &#x43F;&#x43E;&#x440;&#x442;&#x440;.</subfield>
    <subfield code="d">21</subfield>
  </datafield>
  <datafield tag="225" ind1="1" ind2=" ">
    <subfield code="a">&#x41F;&#x440;&#x43E;&#x437;&#x430; &#x437;&#x43D;&#x430;&#x43C;&#x435;&#x43D;&#x438;&#x442;&#x44B;&#x445; &#x43B;&#x44E;&#x434;&#x435;&#x439;</subfield>
  </datafield>
  <datafield tag="300" ind1=" " ind2=" ">
    <subfield code="a">&#x41D;&#x430; &#x43E;&#x431;&#x43B;.: &#x412; &#x433;&#x43E;&#x434; 75-&#x43B;&#x435;&#x442;&#x43D;&#x435;&#x433;&#x43E; &#x44E;&#x431;&#x438;&#x43B;&#x435;&#x44F; &#x43C;&#x430;&#x44D;&#x441;&#x442;&#x440;&#x43E; - &#x441;&#x431;&#x43E;&#x440;&#x43D;&#x438;&#x43A; &#x435;&#x433;&#x43E; &#x445;&#x443;&#x434;&#x43E;&#x436;&#x435;&#x441;&#x442;&#x432;&#x435;&#x43D;&#x43D;&#x43E;&#x439; &#x43F;&#x440;&#x43E;&#x437;&#x44B;!</subfield>
  </datafield>
  <datafield tag="327" ind1="1" ind2=" ">
    <subfield code="a">&#x421;&#x43E;&#x434;&#x435;&#x440;&#x436;.: &#x41F;&#x442;&#x438;&#x446;&#x44B; &#x43F;&#x435;&#x440;&#x435;&#x43B;&#x451;&#x442;&#x43D;&#x44B;&#x435;: &#x43F;&#x43E;&#x432;&#x435;&#x441;&#x442;&#x44C;; &#x412;&#x441;&#x43F;&#x43E;&#x43C;&#x438;&#x43D;&#x430;&#x44F;, &#x432;&#x441;&#x43F;&#x43E;&#x43C;&#x438;&#x43D;&#x430;&#x439;: &#x440;&#x430;&#x441;&#x441;&#x43A;&#x430;&#x437;&#x44B;; &#x411;&#x430;&#x439;&#x43A;&#x438; &#x43E; &#x421;&#x43C;&#x43E;&#x433;&#x443;&#x43B;&#x435;; &#x410;&#x43B;&#x44C;&#x431;&#x43E;&#x43C;: &#x438;&#x441;&#x442;&#x43E;&#x440;&#x438;&#x44F; &#x43E;&#x434;&#x43D;&#x43E;&#x439; &#x43F;&#x43B;&#x430;&#x441;&#x442;&#x438;&#x43D;&#x43A;&#x438;; &#x421;&#x442;&#x438;&#x445;&#x438; &#x441;&#x43B;&#x443;&#x447;&#x430;&#x44E;&#x442;&#x441;&#x44F; &#x43F;&#x43E;&#x440;&#x43E;&#x439;...</subfield>
  </datafield>
  <datafield tag="330" ind1=" " ind2=" ">
    <subfield code="a">&#x421;&#x431;&#x43E;&#x440;&#x43D;&#x438;&#x43A; &#x445;&#x443;&#x434;&#x43E;&#x436;&#x435;&#x441;&#x442;&#x432;&#x435;&#x43D;&#x43D;&#x43E;&#x439; &#x43F;&#x440;&#x43E;&#x437;&#x44B; &#x412;&#x44F;&#x447;&#x435;&#x441;&#x43B;&#x430;&#x432;&#x430; &#x41C;&#x430;&#x43B;&#x435;&#x436;&#x438;&#x43A;&#x430; &#x441;&#x43E;&#x434;&#x435;&#x440;&#x436;&#x438;&#x442; &#x436;&#x438;&#x432;&#x44B;&#x435; &#x438; &#x437;&#x430;&#x43D;&#x438;&#x43C;&#x430;&#x442;&#x435;&#x43B;&#x44C;&#x43D;&#x44B;&#x435; &#x440;&#x430;&#x441;&#x441;&#x43A;&#x430;&#x437;&#x44B; &#x43D;&#x430; &#x441;&#x430;&#x43C;&#x44B;&#x435; &#x440;&#x430;&#x437;&#x43D;&#x44B;&#x435; &#x442;&#x435;&#x43C;&#x44B; &#x438; &#x432; &#x441;&#x430;&#x43C;&#x44B;&#x445; &#x440;&#x430;&#x437;&#x43D;&#x44B;&#x445; &#x436;&#x430;&#x43D;&#x440;&#x430;&#x445;, &#x430; &#x442;&#x430;&#x43A;&#x436;&#x435; &#x43F;&#x43E;&#x432;&#x435;&#x441;&#x442;&#x44C; "&#x41F;&#x442;&#x438;&#x446;&#x44B; &#x43F;&#x435;&#x440;&#x435;&#x43B;&#x451;&#x442;&#x43D;&#x44B;&#x435;" - &#x438;&#x441;&#x442;&#x43E;&#x440;&#x438;&#x44E; &#x43E; &#x43C;&#x43E;&#x441;&#x43A;&#x43E;&#x432;&#x441;&#x43A;&#x438;&#x445; &#x43F;&#x43E;&#x434;&#x440;&#x43E;&#x441;&#x442;&#x43A;&#x430;&#x445;, &#x43A;&#x43E;&#x442;&#x43E;&#x440;&#x44B;&#x435; &#x432; &#x441;&#x435;&#x440;&#x435;&#x434;&#x438;&#x43D;&#x435; 60-&#x445; &#x433;&#x43E;&#x434;&#x43E;&#x432; &#x43E;&#x442;&#x43A;&#x440;&#x44B;&#x432;&#x430;&#x44E;&#x442; &#x434;&#x43B;&#x44F; &#x441;&#x435;&#x431;&#x44F; &#x440;&#x43E;&#x43A;-&#x43D;-&#x440;&#x43E;&#x43B;&#x43B; &#x438; &#x443;&#x447;&#x430;&#x442;&#x441;&#x44F; &#x438;&#x433;&#x440;&#x430;&#x442;&#x44C; &#x44D;&#x442;&#x443; &#x43D;&#x435;&#x43F;&#x440;&#x438;&#x432;&#x44B;&#x447;&#x43D;&#x443;&#x44E; &#x434;&#x43B;&#x44F; &#x441;&#x43E;&#x432;&#x435;&#x442;&#x441;&#x43A;&#x43E;&#x433;&#x43E; &#x447;&#x435;&#x43B;&#x43E;&#x432;&#x435;&#x43A;&#x430; &#x43C;&#x443;&#x437;&#x44B;&#x43A;&#x443;. &#x421;&#x440;&#x435;&#x434;&#x438; &#x43F;&#x435;&#x440;&#x441;&#x43E;&#x43D;&#x430;&#x436;&#x435;&#x439; &#x431;&#x435;&#x437; &#x442;&#x440;&#x443;&#x434;&#x430; &#x443;&#x433;&#x430;&#x434;&#x44B;&#x432;&#x430;&#x44E;&#x442;&#x441;&#x44F; &#x438;&#x437;&#x432;&#x435;&#x441;&#x442;&#x43D;&#x44B;&#x435; &#x43B;&#x44E;&#x434;&#x438;, &#x437;&#x43D;&#x430;&#x43A;&#x43E;&#x43C;&#x44B;&#x435; &#x447;&#x438;&#x442;&#x430;&#x442;&#x435;&#x43B;&#x44F;&#x43C; &#x431;&#x443;&#x43A;&#x432;&#x430;&#x43B;&#x44C;&#x43D;&#x43E; &#x441; &#x434;&#x435;&#x442;&#x441;&#x442;&#x432;&#x430;. &#x427;&#x430;&#x441;&#x442;&#x44C;, &#x43E;&#x437;&#x430;&#x433;&#x43B;&#x430;&#x432;&#x43B;&#x435;&#x43D;&#x43D;&#x430;&#x44F; "&#x410;&#x43B;&#x44C;&#x431;&#x43E;&#x43C;", &#x432;&#x43A;&#x43B;&#x44E;&#x447;&#x430;&#x435;&#x442; &#x432; &#x441;&#x435;&#x431;&#x44F; &#x438;&#x43D;&#x442;&#x435;&#x440;&#x435;&#x441;&#x43D;&#x44B;&#x435; &#x444;&#x430;&#x43A;&#x442;&#x44B; &#x43E; &#x441;&#x43E;&#x437;&#x434;&#x430;&#x43D;&#x438;&#x438; &#x43E;&#x434;&#x43D;&#x43E;&#x438;&#x43C;&#x451;&#x43D;&#x43D;&#x43E;&#x439; &#x43F;&#x43B;&#x430;&#x441;&#x442;&#x438;&#x43D;&#x43A;&#x438; &#x412;&#x44F;&#x447;&#x435;&#x441;&#x43B;&#x430;&#x432;&#x430; &#x41C;&#x430;&#x43B;&#x435;&#x436;&#x438;&#x43A;&#x430;. &#x41A;&#x430;&#x436;&#x434;&#x43E;&#x439; &#x43F;&#x435;&#x441;&#x43D;&#x435; &#x43F;&#x43E;&#x441;&#x432;&#x44F;&#x449;&#x435;&#x43D;&#x430; &#x43E;&#x442;&#x434;&#x435;&#x43B;&#x44C;&#x43D;&#x430;&#x44F; &#x433;&#x43B;&#x430;&#x432;&#x430;, &#x438; &#x43A;&#x430;&#x436;&#x434;&#x430;&#x44F; &#x433;&#x43B;&#x430;&#x432;&#x430; - &#x44D;&#x442;&#x43E; &#x43F;&#x43E;&#x43B;&#x43D;&#x43E;&#x446;&#x435;&#x43D;&#x43D;&#x44B;&#x439; &#x440;&#x430;&#x441;&#x441;&#x43A;&#x430;&#x437;: &#x438;&#x43D;&#x43E;&#x433;&#x434;&#x430; &#x441;&#x43C;&#x435;&#x448;&#x43D;&#x43E;&#x439;, &#x438;&#x43D;&#x43E;&#x433;&#x434;&#x430; &#x43B;&#x438;&#x440;&#x438;&#x447;&#x435;&#x441;&#x43A;&#x438;&#x439;, &#x438;&#x43D;&#x43E;&#x433;&#x434;&#x430; &#x43F;&#x43E;&#x443;&#x447;&#x438;&#x442;&#x435;&#x43B;&#x44C;&#x43D;&#x44B;&#x439;, &#x43D;&#x43E; &#x43D;&#x435;&#x438;&#x437;&#x43C;&#x435;&#x43D;&#x43D;&#x43E; &#x443;&#x432;&#x43B;&#x435;&#x43A;&#x430;&#x442;&#x435;&#x43B;&#x44C;&#x43D;&#x44B;&#x439;. &#x420;&#x430;&#x437;&#x43C;&#x435;&#x449;&#x451;&#x43D;&#x43D;&#x44B;&#x435; &#x432; &#x433;&#x43B;&#x430;&#x432;&#x430;&#x445; QR-&#x43A;&#x43E;&#x434;&#x44B; &#x438; &#x441;&#x441;&#x44B;&#x43B;&#x43A;&#x438; &#x43F;&#x43E;&#x437;&#x432;&#x43E;&#x43B;&#x44F;&#x44E;&#x442; &#x43F;&#x440;&#x43E;&#x441;&#x43B;&#x443;&#x448;&#x438;&#x432;&#x430;&#x442;&#x44C; &#x43E;&#x43D;&#x43B;&#x430;&#x439;&#x43D; &#x43F;&#x435;&#x441;&#x43D;&#x438;, &#x43E; &#x43A;&#x43E;&#x442;&#x43E;&#x440;&#x44B;&#x445; &#x438;&#x434;&#x451;&#x442; &#x440;&#x435;&#x447;&#x44C;. &#x417;&#x430;&#x432;&#x435;&#x440;&#x448;&#x430;&#x435;&#x442; &#x43A;&#x43D;&#x438;&#x433;&#x443; &#x43F;&#x43E;&#x434;&#x431;&#x43E;&#x440;&#x43A;&#x430; &#x441;&#x442;&#x438;&#x445;&#x43E;&#x432;, &#x43D;&#x430;&#x43F;&#x438;&#x441;&#x430;&#x43D;&#x43D;&#x44B;&#x445; &#x412;&#x44F;&#x447;&#x435;&#x441;&#x43B;&#x430;&#x432;&#x43E;&#x43C; &#x41C;&#x430;&#x43B;&#x435;&#x436;&#x438;&#x43A;&#x43E;&#x43C; &#x441; 2016 &#x43F;&#x43E; 2022 &#x433;&#x43E;&#x434; &#x438; &#x43F;&#x443;&#x431;&#x43B;&#x438;&#x43A;&#x443;&#x435;&#x43C;&#x44B;&#x445; &#x432;&#x43F;&#x435;&#x440;&#x432;&#x44B;&#x435;</subfield>
  </datafield>
  <datafield tag="333" ind1=" " ind2=" ">
    <subfield code="a">16+</subfield>
  </datafield>
  <datafield tag="600" ind1=" " ind2="1">
    <subfield code="a">&#x41C;&#x430;&#x43B;&#x435;&#x436;&#x438;&#x43A;</subfield>
    <subfield code="b">&#x412;. &#x415;.</subfield>
    <subfield code="g">&#x412;&#x44F;&#x447;&#x435;&#x441;&#x43B;&#x430;&#x432; &#x415;&#x444;&#x438;&#x43C;&#x43E;&#x432;&#x438;&#x447;</subfield>
    <subfield code="f">1947</subfield>
    <subfield code="2">nlr_sh2</subfield>
    <subfield code="3">RU\NLR\AUTH\661604139</subfield>
  </datafield>
  <datafield tag="675" ind1=" " ind2=" ">
    <subfield code="a">821.161.1-32</subfield>
    <subfield code="v">4</subfield>
  </datafield>
  <datafield tag="686" ind1="1" ind2=" ">
    <subfield code="a">&#x429;364.13(2&#x420;)7-83&#x41C;&#x430;&#x43B;&#x435;&#x436;&#x438;&#x43A;</subfield>
  </datafield>
  <datafield tag="686" ind1="2" ind2=" ">
    <subfield code="a">&#x428;6(2=&#x420;)8&#x44F;44</subfield>
  </datafield>
  <datafield tag="700" ind1=" " ind2="1">
    <subfield code="a">&#x41C;&#x430;&#x43B;&#x435;&#x436;&#x438;&#x43A;</subfield>
    <subfield code="b">&#x412;. &#x415;.</subfield>
    <subfield code="f">1947-</subfield>
    <subfield code="g">&#x412;&#x44F;&#x447;&#x435;&#x441;&#x43B;&#x430;&#x432; &#x415;&#x444;&#x438;&#x43C;&#x43E;&#x432;&#x438;&#x447;</subfield>
  </datafield>
  <datafield tag="942" ind1=" " ind2=" ">
    <subfield code="c">BOOK</subfield>
  </datafield>
  <datafield tag="980" ind1=" " ind2=" ">
    <subfield code="a">NB</subfield>
  </datafield>
  <datafield tag="995" ind1=" " ind2=" ">
    <subfield code="5">2022-11-23</subfield>
    <subfield code="a">ad</subfield>
    <subfield code="b">NLR01</subfield>
    <subfield code="c">NLR01</subfield>
    <subfield code="e">RF81</subfield>
    <subfield code="f">1-4058490</subfield>
    <subfield code="k">2022-3/32689</subfield>
    <subfield code="o">0</subfield>
    <subfield code="r">BOOK</subfield>
    <subfield code="s">2022332689_</subfield>
  </datafield>
  <datafield tag="995" ind1=" " ind2=" ">
    <subfield code="5">2022-11-23</subfield>
    <subfield code="a">ad</subfield>
    <subfield code="b">NLR01</subfield>
    <subfield code="c">NLR01</subfield>
    <subfield code="e">RF81</subfield>
    <subfield code="f">1-4058494</subfield>
    <subfield code="k">2022-3/32689</subfield>
    <subfield code="o">0</subfield>
    <subfield code="r">BOOK</subfield>
    <subfield code="s">2022332689_</subfield>
  </datafield>
</record>
